000 00245nam a22001097a 4500
082 _a669 COT'T
100 _aCOTTRELL, A. H
_954826
245 _aTHEORETICAL STRUCTURAL MTALLURGY
260 _aLONDON
_bELBS
_c1964
300 _a251P
942 _cBK
999 _c584713
_d584713